000 00490nmm a2200157Ia 4500
008 251105s9999||||xx |||||||||||||||||und||
020 _a9788496582354
041 _aspa
100 _aSánchez, Sergio G.
245 0 _aEl orfanato :
_b la película y sus creadores [incluye el guión original de rodaje]
264 _a[Madrid, España] :
_bOcho y Medio,
_c2007
300 _a250 páginas
650 _aFilm studies
856 _uhttps://public.digitaliapublishing.com/a/395
942 _cCF
999 _c90007
_d90007